Online Catalogue and eLibrary

Casting pearls : (Record no. 70)

MARC details
000 -LEADER
fixed length control field 00589cam a2200193 a 4500
001 - CONTROL NUMBER
control field 12573178
005 - DATE AND TIME OF LATEST TRANSACTION
control field 20231124015746.0
008 - FIXED-LENGTH DATA ELEMENTS--GENERAL INFORMATION
fixed length control field 010813s2001 ce a b 000 0 eng
020 ## - INTERNATIONAL STANDARD BOOK NUMBER
ISBN 9559102389
040 ## - CATALOGING SOURCE (பட்டியலாக்க மூலம்)
Original cataloging agency DLC
Transcribing agency DLC
Modifying agency DLC
082 00 - DDC Classification
Class No. 324.6/23/095493
DDC Edition Number 21
Item Number - Author Mark MAL.
100 1# - MAIN ENTRY--PERSONAL NAME
Personal name Alwis, Malathi de.
245 10 - TITLE STATEMENT
Title Casting pearls :
Remainder of title the women's franchise movement in Sri Lanka /
Statement of responsibility, etc. by Malathi de Alwis and Kumari Jayawardena.
260 ## - PUBLICATION, DISTRIBUTION, ETC.
Place of publication, distribution, etc. Colombo :
Name of publisher, distributor, etc. Social Scientists' Association,
Date of publication, distribution, etc. 2001.
300 ## - PHYSICAL DESCRIPTION
Extent (e.g. Volumes, Pages etc.) ii, 92 p. :
650 #0 - SUBJECT ADDED ENTRY--TOPICAL TERM
Topical term or geographic name entry element Women
700 1# - ADDED ENTRY--PERSONAL NAME
Personal name Jayawardena, Kumari.
Relator term (Role) Editor
942 ## - Koha item type (Biblio)
Koha item type Books in Stacks (Lending)
Holdings
Lost status Damaged status Collection code Home library Current library Date acquired Full call number Accession Number Item type
    Lending WERC Library WERC Library 11/24/2023 324.6/23/095493 MAL. 4297 Books in Stacks (Lending)

© WERC Library